Libro de resúmenes IX cimfauna: (Registro nro. 19184)
[ vista simple ]
| 000 -CABECERA | |
|---|---|
| Campo de control | 00793nam a22002177a 4500 |
| 005 - FECHA Y HORA DE LA ULTIMA TRANSACCION | |
| Campo de control | 20180803170343.0 |
| 008 - ELEMENTOS DE LONGITUD FIJA—INFORMACION GENERAL | |
| Campo de control | 161215b xxu||||| |||| 00| 0 spa d |
| 040 ## - FUENTE DE CATALOGACIÓN | |
| Agencia catalogadora original | CO-BoIAVH |
| Agencia transcriptora | CO-BoIAVH |
| 041 ## - IDIOMA | |
| Código de idioma para texto/pista de sonido o título separado | Español |
| 044 ## - PAÍS DE PUBLICACIÓN | |
| País de publicación | Bolivia |
| 082 ## - NUMERO DE CLASIFICACION DECIMAL DEWEY | |
| Número de clasificación | 333.95416 |
| Número del ítem | C79l |
| 111 2# - ASIENTO PRINCIPAL--NOMBRE DE REUNION | |
| Nombre de reunión o de jurisdicción como elemento de entrada | Congreso Internacional Sobre Manejo de Fauna Silvestre en la Amazonia y América Latina |
| Número de la parte/sección/reunión | (IX |
| Fecha de la reunión | 2010: |
| Lugar de la reunión | Santa Cruz (Bolivia)) |
| 9 (RLIN) | 77923 |
| 245 1# - MENCION DE TITULO | |
| Título | Libro de resúmenes IX cimfauna: |
| Parte restante del título | Santa Cruz, Bolivia |
| 260 ## - PUBLICACION, DISTRIBUCION, ETC. (PIE DE IMPRENTA) | |
| Lugar de publicación, distribución, etc. | Santa Cruz (Bolivia) : |
| Nombre del editor, distribuidor, etc. | Universidad autónoma Gabriel Rene Moreno, |
| Fecha de publicación, distribución, etc. | . |
| 300 ## - DESCRIPCION FISICA | |
| Extensión | 222 paginas |
| Dimensiones | 21 x 14 |
| 650 14 - ASIENTO SECUNDARIO DE MATERIA - TERMINO TEMATICO | |
| Término temático o nombre geográfico como elemento de entrada | Fauna silvestre |
| Subdivisión general | Manejo |
| Subdivisión de forma | Congreso |
| 9 (RLIN) | 77924 |
| 650 26 - ASIENTO SECUNDARIO DE MATERIA - TERMINO TEMATICO | |
| Término temático o nombre geográfico como elemento de entrada | Genética |
| 9 (RLIN) | 92806 |
| 650 26 - ASIENTO SECUNDARIO DE MATERIA - TERMINO TEMATICO | |
| Término temático o nombre geográfico como elemento de entrada | Manejo comunitario |
| 9 (RLIN) | 4296 |
| 650 24 - ASIENTO SECUNDARIO DE MATERIA - TERMINO TEMATICO | |
| Término temático o nombre geográfico como elemento de entrada | Ecología y conservación |
| 9 (RLIN) | 77918 |
| 942 ## - ELEMENTOS ADICIONALES (KOHA) | |
| Sistema de clasificación | Dewey Decimal Classification |
| Tipo de ítem | Libro |
| Withdrawn status | Lost status | Sistema de Clasificación | Damaged status | No para préstamo | Colección | Inventariado | Ubicación Permanente | Ubicación actual | Fecha de adquisición | Fuente de Valor | Valor | Total Checkouts | Número topográfico | Inventario / Código de Barras | Date last seen | Ejemplar | Price effective from | Forma de adquisición | Tipo de material |
|---|---|---|---|---|---|---|---|---|---|---|---|---|---|---|---|---|---|---|---|
| Dewey Decimal Classification | General | Inventariado 2017 | Bogotá | Bogotá | 15/12/2016 | Instituto | 39000.00 | LB-333.95416 C79l | 042349 | 15/12/2016 | Ej. 1 | 15/12/2016 | Donación | Libro |